| 000 | 01217nam a22003497a 4500 | ||
|---|---|---|---|
| 003 | CHAP | ||
| 005 | 20220329140355.0 | ||
| 008 | 971013s1982 r 00010 d | ||
| 010 | _a51071 | ||
| 011 | _a52043 | ||
| 035 | _a56193 | ||
| 040 | _cCHAP | ||
| 090 | _aTesis | ||
| 100 | 0 | 0 |
_aRodríguez Ríos, Rodolfo Daniel. _998864 |
| 245 | _aEnsayo comparativo de 8 variedades de frijol (Phaseolus vulgaris L.) en el ciclo primavera-verano 1981, em Apodaca, N. L. | ||
| 260 |
_aMonterrey, N. L. : _bEl autor, _c1982 |
||
| 300 | _a55 h. | ||
| 502 | _aTesis (Ing. Agr. Esp. en Parasitología) -- ITESM. División de Ciencias Agropecuarias y Marítimas | ||
| 590 |
_aALEPH _b10 _c20130110 _lUCH01 _h1326 |
||
| 590 |
_aBATCH-UPD _b10 _c20130110 _lUCH01 _h0505 |
||
| 590 |
_aBATCH-UPD _b10 _c20130110 _lUCH01 _h2315 |
||
| 590 |
_aBATCH-UPD _b10 _c20130410 _lUCH01 _h0142 |
||
| 590 |
_aBATCH-UPD _b10 _c20130914 _lUCH01 _h1441 |
||
| 590 |
_aCONVERSION _b10 _c20130109 _lUCH01 _h1328 |
||
| 650 | 1 | 4 |
_aEmpoasca fabae. _936589 |
| 650 | 1 | 4 |
_aFrijol _xPlagas. _943415 |
| 650 | 1 | 4 |
_aFrijol _xRendimiento. _943429 |
| 650 | 1 | 4 |
_aFrijol _xVariedades. _943446 |
| 901 | _aBK | ||
| 942 | _cTESIS | ||
| 949 |
_bBC _cTES _d-122875 _eTS1 _i56193 _si |
||
| 999 |
_c51071 _d51071 |
||